| 000 | 00754cam a2200181 4500 | ||
|---|---|---|---|
| 001 | ##L132520 | ||
| 008 | 060214n 000 0 eng u | ||
| 035 | _a(Sirsi) u132520 | ||
| 041 | 0 | _aeng | |
| 050 | 0 | 4 | _a333.0062 $2 18 |
| 110 | 2 |
_aIncorporated Society of Auctioneers and Landed Property Agents _94878 |
|
| 245 | 0 | 0 |
_aAssociateship examinations _bspring 1927-1939 |
| 260 |
_a[S.l.] _b[s.n.] _c1927-39 |
||
| 300 |
_a1 _fv _b9 folded leaves of plates _c21cm. |
||
| 520 | _aExam questions covering various topics such as mensuration of land and buildings; book-keeping; valuations; landlord and tenant; fixtures and dilapidations; and auction law, for the years 1927-1939. | ||
| 690 | _aCAREERS, EDUCATION AND TRAINING-QUALIFICATION ROUTES | ||
| 942 | _n0 | ||
| 999 |
_c105165 _d105165 |
||